| 000 | 01361cam a22003737a 4500 | ||
|---|---|---|---|
| 003 | CHAP | ||
| 005 | 20220817043718.0 | ||
| 008 | 001006d2000 mx a r 00110 spa d | ||
| 010 | _a82476 | ||
| 011 | _a83448 | ||
| 035 | _a93961 | ||
| 040 | _cCHAP | ||
| 090 | _aTesis | ||
| 100 | 0 | 0 |
_aChaylian Herrera, María Soledad. _922079 |
| 245 | 1 | 0 |
_aPropuesta metodológica para identificar los puntos críticos e indicadores de sustentabilidad en los agroecosistemas de Juanacatlán, Mpio. de Tapalpa, Jalisco _c/por María Soledad Chaylian Herrera |
| 260 |
_aChapingo, Méx. : _bEl autor, _c2000. |
||
| 300 |
_a114 h. : _bilus. |
||
| 502 | _aTesis (Ing. en Agroecología) -- UACH. Departamento de Agroecología | ||
| 590 |
_aALEPH _b10 _c20130110 _lUCH01 _h1438 |
||
| 590 |
_aBATCH-UPD _b10 _c20130110 _lUCH01 _h0729 |
||
| 590 |
_aBATCH-UPD _b10 _c20130410 _lUCH01 _h0413 |
||
| 590 |
_aBATCH-UPD _b10 _c20130913 _lUCH01 _h2222 |
||
| 590 |
_aCONVERSION _b10 _c20130109 _lUCH01 _h1346 |
||
| 650 | 1 | 4 | _aAgricultura sustentable. |
| 650 | 1 | 4 |
_aAgricultura _xJalisco. _91714 |
| 650 | 1 | 4 |
_aAgrosistemas. _92212 |
| 650 | 1 | 4 |
_aEcología agrícola. _935165 |
| 650 | 1 | 4 |
_aEcosistema. _935290 |
| 901 | _aBK | ||
| 905 | _aLilia Sánchez G. | ||
| 942 | _cFOLL | ||
| 949 |
_bBC _cTES _d33724000806956 _eTS2 _fc.2 _h37110 _i93961 _si |
||
| 949 |
_bBC _cTES _d939611 _eTS1 _h37109 _i93961 _sb |
||
| 999 |
_c82476 _d82476 |
||